000 00657nam a22002172 4500
001 0000009122
005 20151217152049.0
008 080904s xx 000 0 eng d
020 _a0495096172 :
_cKES 2780
040 _aKABU
_cKABU
100 1 _aAbadinsky, Howard.
_@0000160170
245 1 0 _aOrganized crime /
_cHoward Abadinsky.
250 _a 8th ed.
260 _aBelmont, CA :
_bThomson,
_c2007.
300 _axviii, 457 p.
650 0 _aOrganized crime
_zUnited States.
_@0000160171
650 0 _aorganized crime
_xHistory
_zUnited States.
_@0000160172
908 _a080904
950 _@1
999 _c7785
_d7785